00147 a2200073 45000010005000001000018000052450034000232600016000573721 aPk Publishing aFirest five year plan 1955-60 abPak Pubc